Declaración de principios del gobierno de Chile
Сохранить в:
| Соавтор: | |
|---|---|
| Формат: | |
| Язык: | испанский |
| Опубликовано: |
Santiago, Chile
Junta Nacional de Gobierno
1974
|
| Предметы: | |
| Метки: |
Добавить метку
Нет меток, Требуется 1-ая метка записи!
|
MARC
| LEADER | 00000cam a2200000 a 4500 | ||
|---|---|---|---|
| 001 | UCT7781 | ||
| 003 | CL-VaPUC | ||
| 005 | 20241213123107.0 | ||
| 008 | 970317e19740311CL |||||||||||||||||spa|d | ||
| 999 | |c 256328 |d 256326 | ||
| 040 | |c Pontificia Universidad Católica de Valparaíso | ||
| 082 | 0 | 4 | |a 320.011 JUN 1974 |2 21 |
| 110 | 2 | |a Junta de Gobierno |e author |9 378906 | |
| 245 | 1 | 0 | |a Declaración de principios del gobierno de Chile |
| 260 | |a Santiago, Chile |b Junta Nacional de Gobierno |c 1974 | ||
| 300 | |a 38 páginas | ||
| 500 | |a Fotografía de los 4 integrantes de la Junta Nacional de Gobierno de 1973 | ||
| 583 | |a last modification |c 20160629 08:56:44 |k Rodrigo Vera | ||
| 600 | 0 | 7 | |a MENDOZA DURAN, CESAR |2 CL-VaPUC |9 378908 |
| 600 | 0 | 7 | |a Leigh Guzmán, Gustavo |d 1920-1999 |9 860280 |
| 600 | 0 | |a Merino Castro, José Toribio, |d 1915-1996 |9 378910 | |
| 600 | 0 | |a Pinochet Ugarte, Augusto, |e 1915-2006 |9 374419 | |
| 610 | |2 JUNTA NACIONAL DE GOBIERNO 1973 |z CHILE |9 856840 | ||
| 650 | 0 | |a Historia política |z CHILE |9 256974 | |
| 650 | 0 | |a Gobierno militar |z CHILE |9 316360 | |
| 852 | |a BIBCUR | ||
| 942 | |c BK |2 ddc | ||
| 945 | |d 19970317 00:00:00 |a paguirre | ||
| 952 | |0 0 |1 0 |2 ddc |4 0 |6 320_011000000000000_JUN_1974 |7 0 |8 A |9 279000 |a BIBDER |b BIBDER |d 2019-11-19 |i 1807676 |o 320.011 JUN 1974 |p 1807676 |r 2024-04-19 |t 1 |w 2019-11-19 |y MX |k DER | ||
| 952 | |0 0 |1 0 |2 ddc |4 0 |6 320_011000000000000_JUN_1974 |7 0 |8 A |9 279001 |a BIBDER |b BIBDER |d 2019-11-19 |i 1807684 |o 320.011 JUN 1974 |p 1807684 |r 2023-01-25 |t 2 |w 2019-11-19 |y MX |k DER | ||
| 952 | |0 0 |1 0 |2 ddc |4 0 |6 320_011000000000000_JUN_1974 |7 0 |8 A |9 279002 |a BIBDER |b BIBDER |d 2019-11-19 |i 1954237 |o 320.011 JUN 1974 |p 1954237 |r 2023-01-25 |t 3 |w 2019-11-19 |y MX |k DER | ||
| 952 | |0 0 |1 0 |2 ddc |4 0 |6 320_011000000000000_JUN_1974 |7 0 |8 A |9 279003 |a BIBHIS |b BIBHIS |d 2019-11-19 |i 1338994 |o 320.011 JUN 1974 |p 1338994 |r 2025-01-20 |t 4 |w 2019-11-19 |y BK |k HIS | ||
| 952 | |0 0 |1 0 |2 ddc |4 0 |6 320_011000000000000_JUN_1974 |7 0 |8 X |9 279004 |a FDOBUD |b FDOBUD |d 2019-11-19 |i 107363K |o 320.011 JUN 1974 |p 107363K |r 2019-11-19 |t 5 |w 2019-11-19 |y BK_X |k BUD | ||
| 952 | |0 0 |1 0 |2 ddc |4 0 |6 320_011000000000000_JUN_1974 |7 0 |8 X |9 279005 |a FDOBUD |b FDOBUD |d 2019-11-19 |i 4566572 |o 320.011 JUN 1974 |p 4566572 |r 2019-11-19 |t 6 |w 2019-11-19 |y BK_X |k BUD | ||
| 952 | |0 0 |1 0 |2 ddc |4 0 |6 320_011000000000000_JUN_1974 |7 0 |8 X |9 279006 |a FDOBUD |b FDOBUD |d 2019-11-19 |i 4745450 |o 320.011 JUN 1974 |p 4745450 |r 2019-11-19 |t 7 |w 2019-11-19 |y BK_X |k BUD | ||
| 952 | |0 0 |1 0 |2 ddc |3 erb |4 0 |6 320_011000000000000_JUN_1974 |7 0 |8 A |9 279007 |a FDOHBE |b FDOHBE |e Huesbe Llanos, Marco Antonio, 1934- |i 5332338 |o 320.011 JUN 1974 |p 5332338 |r 2024-01-30 |t 8 |w 2019-11-19 |y BK |z Catalogado en:20160701 |k HBE | ||
| 952 | |0 0 |1 0 |2 ddc |3 erb |4 0 |6 320_011000000000000_JUN_1974 |7 0 |8 A |9 279008 |a FDOHBE |b FDOHBE |e Huesbe Llanos, Marco Antonio, 1934- |i 5330807 |o 320.011 JUN 1974 |p 5330807 |r 2024-01-30 |t 9 |w 2019-11-19 |y BK |z Catalogado en:20160708 |k HBE | ||